1-Time F1 Champions - Statistics

General Stats
  • This quiz has been taken 28 times
  • The average score is 14 of 17
Answer Stats
Year Champion % Correct
2009 Jenson Button
100%
1982 Keke Rosberg
100%
2016 Nico Rosberg
100%
2007 Kimi Raikkonen
91%
1976 James Hunt
86%
1996 Damon Hill
82%
1997 Jacques Villeneuve
82%
1992 Nigel Mansell
82%
1950 Nino Farina
82%
1961 Phil Hill
82%
1967 Denny Hulme
77%
1970 Jochen Rindt
77%
1978 Mario Andretti
77%
1980 Alan Jones
73%
1979 Jody Scheckter
73%
1964 John Surtees
73%
1958 Mike Hawthorn
64%
No matching quizzes found
Score Distribution
Percent of People with Each Score
Percentile by Number Answered
Your Score History
You have not taken this quiz